000 00802nam a2200265Ia 4500
003 OSt
005 20220928112437.0
006 a|||||r|||| 00| 0
007 ta
008 220927b |||||||| |||| 00| 0 eng d
020 _c11595.6885
024 _a112807
037 _b48, 24/10/2011, Aviva Books Company
_cTextual
040 _aSDCL
_cSDCL
_beng
041 _2eng
_aeng
082 _aD:81, Q1
100 _aBlischke Wallace R
_9427981
245 0 _aWarranty data collection and analysis.
260 _aLondon
_bSpringer
_c2011
300 _aix,589p.
_ccm.
650 _aApplied Operation Research
700 _a Karim M Rezaul
_9427982
942 _hD:81, Q1
_cTEXL
_2CC
999 _c744684
_d744684